000 00538nam a2200181Ia 4500
003 OSt
005 20260128104054.0
008 210210b1958 xxu||||| |||| 00| 0 eng d
040 _cAL
041 _aKannada
082 _a854/46
100 _aKRASHNA CHETANYA
_9162580
_dಕೃಷ್ಣ ಚೇತನ್ಯ
245 _aMesopotemiya sahitya
_bಮೆಸೊಪೊಟೇಮಿಯಾ ಸಾಹಿತ್ಯ
260 _aBengaluru
_bGandhi Sahitya Sanga
_c1958
690 _aKannada Criticism
_9162581
906 _a019897
942 _2ddc
_cBK
999 _c144047
_d144047